000 01313nam a2200217Ia 4500
999 _c54896
_d54896
001 21965
003 GE_BSU
005 20220915135706.0
008 181216s2007||||ge |||||||||||||| ||geo||
020 _aISSN 1987-5290
040 _cGE_BSU
041 _ageo
080 _a821.353.1(092ჭავჭავაძე, ი.) ი-42
245 _aილია ჭავჭავაძე 170 :
_bკრებული /
_cსარედ. კოლ. მიხეილ მახარაძე ; მთ. რედ. ბიჭიკო დიასამიძე და სხვ.
264 _aბათუმი :
_bბათუმის უნ-ტი,
_c2007.
300 _a262 გვ. ;
_c20 სმ.
504 _aბიბლიოგრაფია თავების ბოლოს ბიბლიოთეკის სახლი | ელექტრონული კატალოგი | დახმარება Powered by OpenBiblio version 0.7.1 მონაცემთა ბაზის ვერსია 0.7.1 Copyright © 2002-2012 Dave Stevens, et al. under the GNU General Public License
653 _aილია ჭავჭავაძე 170
700 _aდიასამიძე, ბიჭიკო
_eრედაქტორი
_914613
942 _cBK
_2udc